Estudio comparativo del uso de los diferentes tipos de materiales de los conductores de aluminio en diferentes montajes para redes de distribución de media tensión
Guardado en:
| Autor principal: | |
|---|---|
| Otros Autores: | |
| Formato: | Libro |
| Publicado: |
[San José, Costa Rica]
2010
|
| Materias: | |
| Etiquetas: |
Agregar Etiqueta
Sin Etiquetas, Sea el primero en etiquetar este registro!
|
MARC
| LEADER | 00000nam a2200000Ia 4500 | ||
|---|---|---|---|
| 003 | 010061 | ||
| 005 | 20240104094918.0 | ||
| 008 | 140114s2010 cr a 000 ||s d | ||
| 040 | |c cru CEDI | ||
| 090 | |a TFG 6231 | ||
| 100 | |a Contreras Villegas, Vanessa, 1988- |9 842 | ||
| 245 | |a Estudio comparativo del uso de los diferentes tipos de materiales de los conductores de aluminio en diferentes montajes para redes de distribución de media tensión | ||
| 260 | |a [San José, Costa Rica] |c 2010 | ||
| 300 | |a [64] páginas : ilustraciones. | ||
| 500 | |a Proyecto de graduación (bachillerato de ingeniería eléctrica)--Universidad de Costa Rica. Facultad de Ingeniería. Escuela de Ingeniería Eléctrica | ||
| 501 | |a Profesor Guía de IE-0502 Proyecto Eléctrico: Ing. Luis Fernando Andrés Jácome | ||
| 650 | |x CONDUCTORES ELECTRICOS |x ELECTRICIDAD |x APARATOS E INSTRUMENTOS |x DISTRIBUCION DE ENERGIA ELECTRICA |x TRANSMISION DE POTENCIA |9 2876 | ||
| 700 | |9 715 |a Andrés Jácome, Luis Fernando, 1964- |d Director de Proyecto Eléctrico | ||
| 942 | |c TFG |h TFG 6231 |i 010061 |6 TFG_6231_010061000000000 | ||
| 999 | |c 15973 |d 15973 | ||
